| 000 | 00362nam a22001457a 4500 | ||
|---|---|---|---|
| 999 |
_c531558 _d531558 |
||
| 003 | NUST | ||
| 020 | _a9789872367824 | ||
| 038 | _awaseem | ||
| 082 |
_a746 _bCOR |
||
| 100 |
_aCorcuera, Ruth _924406 |
||
| 245 |
_aGuardianes del paraiso / _cRuth Corcuera |
||
| 260 |
_aBuenos Aires : _bFundaction Nicolas Uriburu, _c2012. |
||
| 300 | _a175 p. ; | ||
| 942 |
_2ddc _cBK |
||